000 01583cam a2200397 a 4500
001 14021266
003 EG-ScBUE
005 20220803105109.0
008 050529r20082004enka f 000 0 eng d
020 _a052175061X
020 _a9780521750615
035 _a(OCoLC)ocm60517320
040 _aH2E
_beng
_erda
_cH2E
_dDLC
_dEG-ScBUE
043 _ae-uk---
082 0 4 _a428.24
_222
_bACK
100 1 _aAckroyd, Sarah,
_eauthor.
_938971
245 1 0 _aEnglish in mind,
_pTeacher's resource pack 2 /
_cSarah Ackroyd and Claire Thacker.
246 3 0 _aTeacher's resource pack 2
250 _aSixth printing.
264 1 _aCambridge :
_bCambridge University Press,
_c2008.
300 _a96 pages :
_billustrations ;
_c30 cm
336 _2rdacontent
_atext
_btxt
337 _2rdamedia
_aunmediated
_bn
338 _2rdacarrier
_avolume
_bnc
650 7 _aEnglish language
_vTextbooks for foreign speakers.
_99118
_2BUEsh
650 7 _aEnglish language
_xGrammar
_vProblems, exercises, etc.
_99119
_2BUEsh
650 7 _aVocabulary
_vProblems, exercises, etc.
_99120
_2BUEsh
651 _2BUEsh
653 _bHHUUEENN
655 _vReading book
_934232
700 1 _aThacker, Claire,
_eauthor.
856 4 2 _3Publisher description
_uhttp://www.loc.gov/catdir/enhancements/fy0632/2005544510-d.html
856 4 1 _3Table of contents only
_uhttp://www.loc.gov/catdir/enhancements/fy0632/2005544510-t.html
942 _2ddc
_cTR
999 _c12868
_d12868